[Event "41st World U20 ch"]
[Site "Panaji IND"]
[Date "2002.12.12"]
[Round "6.9"]
[White "Ghaem Maghami, Ehsan"]
[Black "Bromberger, Stefan"]
[Result "1-0"]
[WhiteElo "2511"]
[BlackElo "2414"]
[EventDate "2002.12.09"]
[PlyCount "59"]

1.c4 Nf6 2.Nc3 g6 3.g3 Bg7 4.Bg2 O-O 5.d4 d6 6.e3 Nbd7 7.Nge2 e5 8.h3 Re8 
9.O-O h5 10.e4 exd4 11.Nxd4 a6 12.Be3 c5 13.Nde2 Rb8 14.a4 Nb6 15.b3 Be6 
16.Qd2 Na8 17.Bf4 Qb6 18.a5 Qa7 19.Bxd6 Rbd8 20.Rad1 b5 21.e5 Nd7 22.Qf4 
Bf5 23.g4 hxg4 24.hxg4 Bc2 25.cxb5 axb5 26.Nxb5 Qxa5 27.Bd5 Nxe5 28.Bxe5 
Rxd5 29.Rxd5 Nb6 30.Nd6 1-0

[Event "41st World U20 ch"]
[Site "Panaji IND"]
[Date "2002.12.12"]
[Round "6.10"]
[White "Collins, Sam"]
[Black "Timofeev, Artiom"]
[Result "0-1"]
[WhiteElo "2372"]
[BlackElo "2558"]
[EventDate "2002.12.09"]
[PlyCount "72"]

1.e4 c5 2.Nf3 d6 3.d4 cxd4 4.Nxd4 Nf6 5.Nc3 e6 6.g4 h6 7.h4 Nc6 8.Rg1 h5 
9.gxh5 Nxh5 10.Bg5 Nf6 11.Be2 Qb6 12.Nb3 a6 13.Qd2 Bd7 14.Rg2 Qc7 15.O-O-O
O-O-O 16.Kb1 Be7 17.f4 Kb8 18.h5 Bc8 19.Rh1 b5 20.a3 Bb7 21.Bf3 Rh7 22.Qe2
g6 23.Rgh2 Nxh5 24.Bxe7 Nxe7 25.Bxh5 Rxh5 26.Rxh5 gxh5 27.Rxh5 d5 28.e5 d4
29.Ne4 Ng6 30.Rh7 d3 31.cxd3 Nxf4 32.Qf1 Nxd3 33.Nd6 Nxe5 34.Nxf7 Rf8 35.
Rh8 Rxh8 36.Nxh8 Qh7+ 0-1

[Event "41st World U20 ch"]
[Site "Panaji IND"]
[Date "2002.12.12"]
[Round "6.11"]
[White "Berkes, Ferenc"]
[Black "Vioreanu, Bogdan"]
[Result "1-0"]
[WhiteElo "2545"]
[BlackElo "2379"]
[EventDate "2002.12.09"]
[PlyCount "39"]

1.d4 d5 2.c4 c6 3.Nf3 Nf6 4.Nc3 a6 5.a4 e6 6.g3 dxc4 7.Bg2 Bb4 8.O-O Nbd7 
9.Nd2 Nb6 10.a5 Nbd5 11.Nxc4 c5 12.Nxd5 Nxd5 13.e4 Ne7 14.Bf4 cxd4 15.Nb6 
Nc6 16.Nxa8 e5 17.Bd2 Bxa5 18.Bxa5 Nxa5 19.Qc2 Nc6 20.Qc5 1-0

[Event "41st World U20 ch"]
[Site "Panaji IND"]
[Date "2002.12.12"]
[Round "6.12"]
[White "Jeremic, Veljko"]
[Black "Deepan Chakravarthy, Jeyakumar"]
[Result "1/2-1/2"]
[WhiteElo "2487"]
[BlackElo "2355"]
[EventDate "2002.12.09"]
[PlyCount "91"]

1.d4 Nf6 2.c4 Nc6 3.Nc3 e5 4.d5 Ne7 5.e4 Ng6 6.Bd3 Bc5 7.Nf3 d6 8.O-O a6 
9.a3 O-O 10.b4 Ba7 11.Be3 Ng4 12.Bxa7 Rxa7 13.g3 Nh6 14.Qd2 Bg4 15.Qe3 
Bxf3 16.Qxf3 Qd7 17.Qh5 Ne7 18.f4 exf4 19.gxf4 Ng6 20.Rae1 Raa8 21.Rf3 Kh8
22.e5 Rae8 23.h3 Qe7 24.Rff1 dxe5 25.f5 Qh4 26.Qxh4 Nxh4 27.c5 f6 28.b5 g6
29.fxg6 f5 30.d6 cxd6 31.cxd6 e4 32.d7 Re7 33.Rxe4 Rxd7 34.Rxh4 Rxd3 35.
Ne4 Kg7 36.Nc5 Rg3+ 37.Kh2 Rxg6 38.Re1 Kh8 39.bxa6 bxa6 40.Nd7 Rfg8 41.Ne5
Rf6 42.Rf1 Re6 43.Rxh6 Rxe5 44.Rxa6 Re2+ 45.Kh1 Re3 46.Kh2 1/2-1/2

[Event "41st World U20 ch"]
[Site "Panaji IND"]
[Date "2002.12.12"]
[Round "6.13"]
[White "Glinert, Stephen"]
[Black "Mastrovasilis, Dimitrios"]
[Result "0-1"]
[WhiteElo "2351"]
[BlackElo "2461"]
[EventDate "2002.12.09"]
[PlyCount "90"]

1.e4 c5 2.Nc3 Nc6 3.g3 g6 4.Bg2 Bg7 5.d3 d6 6.Be3 Rb8 7.Qd2 b5 8.Nge2 b4 
9.Nd1 Nf6 10.h3 O-O 11.O-O Qb6 12.f4 Nd4 13.g4 Nd7 14.Ng3 Ba6 15.f5 Qc7 
16.Rc1 Nc6 17.Bh6 c4 18.Bxg7 Kxg7 19.Ne3 cxd3 20.cxd3 Qb6 21.Kh2 e6 22.f6+
Kh8 23.Nc4 Bxc4 24.Rxc4 Nce5 25.Rcc1 Qd4 26.Rc7 Nc5 27.Qh6 Rg8 28.Ne2 Qxd3
29.Nf4 Qa6 30.g5 Qa5 31.Re7 Qxa2 32.Ne2 Qxb2 33.Nd4 Qxd4 34.Rf4 Qd1 35.Rh4
Qh5 36.Rxh5 gxh5 37.Rxa7 b3 38.Ra1 b2 39.Rb1 Na4 40.g6 Rxg6 41.Qe3 Rbg8 
42.Bf1 Rxf6 43.Be2 Rfg6 44.Bb5 Rg2+ 45.Kh1 R2g3 0-1

[Event "41st World U20 ch"]
[Site "Panaji IND"]
[Date "2002.12.12"]
[Round "6.14"]
[White "Wojtaszek, Radoslaw"]
[Black "Li Qun"]
[Result "1-0"]
[WhiteElo "2452"]
[BlackElo "2320"]
[EventDate "2002.12.09"]
[PlyCount "115"]

1.d4 d6 2.Nf3 Nd7 3.c4 e5 4.Nc3 g6 5.g3 Bg7 6.Bg2 Ne7 7.O-O O-O 8.e4 h6 9.
Be3 b6 10.Qd2 Kh7 11.Rad1 Nc6 12.Nd5 Nf6 13.dxe5 Nxe5 14.Nxe5 dxe5 15.Qc2 
c5 16.f4 Nxd5 17.cxd5 Qd6 18.f5 g5 19.Qe2 f6 20.h4 Rh8 21.Rf2 Kg8 22.Rc1 
Bd7 23.Qa6 Bc8 24.Qa4 Bd7 25.Qd1 Kf8 26.Rfc2 Ke8 27.Bf3 Bf8 28.Bh5+ Kd8 
29.Bf7 Rh7 30.Be6 Be8 31.Qd3 a5 32.Rh2 Raa7 33.Rc3 gxh4 34.Rxh4 h5 35.Qd2 
Rag7 36.Kf2 Rg4 37.Rxg4 hxg4 38.Kg2 Kc7 39.Qe2 Kb7 40.Qxg4 Qc7 41.Qg8 Qg7 
42.Qxg7+ Bxg7 43.Rc1 Bh5 44.Bd7 Be2 45.Ba4 c4 46.Bd1 Bd3 47.Bc2 Be2 48.Re1
Bg4 49.Bd1 Bxd1 50.Rxd1 Bf8 51.Rc1 Rc7 52.g4 Be7 53.a4 Ka6 54.Kg3 b5 55.
axb5+ Kxb5 56.Kh4 a4 57.g5 Kb4 58.Rc3 1-0

[Event "41st World U20 ch"]
[Site "Panaji IND"]
[Date "2002.12.12"]
[Round "6.15"]
[White "Sharma, R. Preetham"]
[Black "Bar, Roman"]
[Result "1/2-1/2"]
[WhiteElo "2311"]
[BlackElo "2413"]
[EventDate "2002.12.09"]
[PlyCount "77"]

1.Nf3 Nf6 2.g3 b6 3.Bg2 Bb7 4.c4 c5 5.Nc3 e6 6.O-O Be7 7.Re1 d5 8.cxd5 
Nxd5 9.e4 Nxc3 10.bxc3 O-O 11.d4 cxd4 12.cxd4 Nc6 13.Bb2 Bf6 14.Qe2 Nxd4 
15.Bxd4 Bxd4 16.Rad1 e5 17.Nxd4 exd4 18.Qb2 Qe7 19.Rxd4 Rfe8 20.Red1 Bc6 
21.h3 Qb7 22.f3 h6 23.Kh2 Re7 24.Rd6 Rd7 25.Rxd7 Bxd7 26.Qd2 Bc6 27.Bf1 b5
28.Rb1 a6 29.Qd4 Qd7 30.Qxd7 Bxd7 31.f4 Be6 32.Rb2 Rd8 33.f5 Bc4 34.Kg2 
Bxf1+ 35.Kxf1 Rd3 36.Kf2 Ra3 37.e5 g6 38.f6 Kf8 39.Rc2 1/2-1/2

[Event "41st World U20 ch"]
[Site "Panaji IND"]
[Date "2002.12.12"]
[Round "6.16"]
[White "Kidambi, Sundararajan"]
[Black "Asauskas, Henrikas"]
[Result "0-1"]
[WhiteElo "2408"]
[BlackElo "2331"]
[EventDate "2002.12.09"]
[PlyCount "52"]

1.d4 Nf6 2.c4 g6 3.Nc3 Bg7 4.e4 d6 5.Nf3 O-O 6.Be2 e5 7.Be3 exd4 8.Nxd4 
Re8 9.f3 c6 10.Bf2 d5 11.exd5 cxd5 12.O-O Nc6 13.c5 Nh5 14.Qd2 Be5 15.g3 
Ng7 16.Rfd1 Ne6 17.Nxe6 Bxe6 18.Nb5 Bg7 19.Rac1 d4 20.b4 a5 21.Nxd4 Bxd4 
22.Bxd4 axb4 23.Bc4 Bxc4 24.Rxc4 Qd5 25.Rc2 Nxd4 26.Qxd4 Re1+ 0-1

[Event "41st World U20 ch"]
[Site "Panaji IND"]
[Date "2002.12.12"]
[Round "6.17"]
[White "Sadykov, Rustem"]
[Black "Poobesh Anand, Selvaraj"]
[Result "1/2-1/2"]
[WhiteElo "2400"]
[BlackElo "2351"]
[EventDate "2002.12.09"]
[PlyCount "79"]

1.e4 c5 2.Nf3 Nc6 3.d4 cxd4 4.Nxd4 Nf6 5.Nc3 e5 6.Ndb5 d6 7.Bg5 a6 8.Na3 
b5 9.Bxf6 gxf6 10.Nd5 f5 11.c3 Bg7 12.exf5 Bxf5 13.Nc2 Ne7 14.Nce3 Be6 15.
g3 Nxd5 16.Nxd5 O-O 17.Bg2 a5 18.O-O Rb8 19.Qd2 f5 20.Rad1 Kh8 21.a3 Qd7 
22.Kh1 Qf7 23.f4 e4 24.Rf2 Rbc8 25.g4 b4 26.axb4 Bxd5 27.Qxd5 Qxd5 28.Rxd5
axb4 29.gxf5 bxc3 30.bxc3 e3 31.Re2 Rxc3 32.Be4 Rg8 33.Kg2 Bh6+ 34.Kf3 Rg1
35.Rxd6 Rf1+ 36.Kg2 Rxf4 37.Rxh6 Rxe4 38.Kf3 Re8 39.Rh4 Rc1 40.Re4 1/2-1/2

[Event "41st World U20 ch"]
[Site "Panaji IND"]
[Date "2002.12.12"]
[Round "6.18"]
[White "Jirka, Jiri"]
[Black "Darban, Varighan"]
[Result "1-0"]
[WhiteElo "2378"]
[BlackElo "2310"]
[EventDate "2002.12.09"]
[PlyCount "70"]

1.d4 Nf6 2.c4 g6 3.g3 Bg7 4.Bg2 O-O 5.Nc3 d6 6.Nf3 Nbd7 7.O-O e5 8.h3 c6 
9.e4 exd4 10.Nxd4 Qb6 11.Nc2 Ne8 12.Bd2 a5 13.b3 Nc5 14.Ne3 a4 15.Rb1 axb3
16.axb3 Ra3 17.Qc2 Nc7 18.b4 N5e6 19.c5 Qa6 20.b5 cxb5 21.cxd6 Nd4 22.Qd1 
Qxd6 23.Ncd5 Na6 24.Bc3 Qc5 25.Bb2 Ra4 26.Rc1 Qd6 27.f4 Nf3+ 28.Qxf3 Bxb2 
29.e5 Qa3 30.Rb1 Be6 31.Nf6+ Kg7 32.Kh2 Rd8 33.Rfd1 Rad4 34.Rxd4 Rxd4 35.
Qxb7 Rd3 1-0

[Event "41st World U20 ch"]
[Site "Panaji IND"]
[Date "2002.12.12"]
[Round "6.19"]
[White "Rohit, Gogineni"]
[Black "Simutowe, Amon"]
[Result "0-1"]
[WhiteElo "2319"]
[BlackElo "2383"]
[EventDate "2002.12.09"]
[PlyCount "152"]

1.e4 c5 2.Nf3 d6 3.d4 cxd4 4.Nxd4 Nf6 5.Nc3 a6 6.Be3 e6 7.Be2 Qc7 8.a4 b6 
9.f4 Bb7 10.Bf3 Nbd7 11.Qe2 e5 12.fxe5 Nxe5 13.O-O g6 14.Qd2 h5 15.Bg5 Bg7
16.Rad1 Rc8 17.Be2 Nh7 18.Bh6 O-O 19.Bxg7 Kxg7 20.Qf4 Kh8 21.Rd2 Qe7 22.
Nb3 Rfd8 23.Qe3 Qc7 24.Qf4 Qe7 25.Qf2 Qc7 26.Qh4 Rd7 27.Qf4 Qd8 28.Rfd1 
Qe7 29.Qf2 Qd8 30.Qd4 Nf6 31.h3 Kg8 32.Rf1 Nh7 33.Nd5 Bxd5 34.Qxd5 Ra8 35.
Nd4 Raa7 36.Nf3 Ng5 37.Nd4 Nxh3+ 38.Kh2 Ng5 39.b4 Qa8 40.Qxa8+ Rxa8 41.Rf4
Kg7 42.b5 axb5 43.axb5 Rc7 44.Nb3 Ra4 45.Kg3 Rc3+ 46.Kh2 Kf8 47.Nd4 Ke7 
48.Bd3 Ne6 49.Nxe6 fxe6 50.Rf1 Ra8 51.Rfd1 Ra2 52.Bf1 Ng4+ 53.Kg1 Ne3 54.
Rc1 Rcxc2 55.Rdxc2 Rxc2 56.Ra1 Nxf1 57.Kxf1 Rb2 58.Ra7+ Kf6 59.Rd7 Ke5 60.
Rg7 Kf6 61.Rd7 Rxb5 62.Rxd6 Ke5 63.Rc6 Rb2 64.Kg1 b5 65.Rb6 b4 66.Kh2 b3 
67.Kh3 g5 68.Rb5+ Kf4 69.g3+ Kxe4 70.Rxg5 e5 71.Rxh5 Re2 72.Rh8 b2 73.Rb8 
Kd3 74.g4 Kc2 75.Rc8+ Kd1 76.Rb8 Kc1 0-1

[Event "41st World U20 ch"]
[Site "Panaji IND"]
[Date "2002.12.12"]
[Round "6.20"]
[White "Smerdon, David"]
[Black "Geirnaert, Steven"]
[Result "1-0"]
[WhiteElo "2382"]
[BlackElo "2277"]
[EventDate "2002.12.09"]
[PlyCount "83"]

1.Nf3 Nf6 2.g3 b6 3.Bg2 Bb7 4.O-O c5 5.d3 d6 6.e4 Nbd7 7.c3 c4 8.e5 dxe5 
9.dxc4 e4 10.Nfd2 Ne5 11.Re1 e6 12.Qe2 Qd3 13.Nxe4 Bxe4 14.Bxe4 Nxe4 15.
Qxe4 Nf3+ 16.Kh1 Nxe1 17.Qxa8+ Kd7 18.Qb7+ Kd8 19.Qb8+ Kd7 20.Qxa7+ Kc6 
21.Nd2 Bc5 22.b4 Bxf2 23.b5+ Kd6 24.Ba3+ Ke5 25.Qc7+ Kf6 26.Qf4+ Qf5 27.
Ne4+ Kg6 28.Nxf2 Nc2 29.Qxf5+ Kxf5 30.Bd6 Nxa1 31.g4+ Kf6 32.Ne4+ Kg6 33.
c5 f5 34.cxb6 fxe4 35.b7 e3 36.Kg2 e2 37.Kf2 Nc2 38.Kxe2 Na3 39.b8=Q Rxb8 
40.Bxb8 Nxb5 41.Kd3 Kf6 42.a4 1-0

[Event "41st World U20 ch"]
[Site "Panaji IND"]
[Date "2002.12.12"]
[Round "6.21"]
[White "Paragua, Mark"]
[Black "Poliakov, Dmitry"]
[Result "1/2-1/2"]
[WhiteElo "2476"]
[BlackElo "2290"]
[EventDate "2002.12.09"]
[PlyCount "43"]

1.e4 c5 2.Nf3 Nc6 3.d4 cxd4 4.Nxd4 Nf6 5.Nc3 e5 6.Ndb5 d6 7.Nd5 Nxd5 8.
exd5 Nb8 9.Qf3 a6 10.Qa3 Be7 11.Bd2 O-O 12.Bb4 axb5 13.Qxa8 Na6 14.Bd2 Qb6
15.Be3 Qa5+ 16.c3 b4 17.Rc1 Qxa2 18.cxb4 Qxb2 19.Rxc8 Qxb4+ 20.Bd2 Qb1+ 
21.Bc1 Qb4+ 22.Bd2 1/2-1/2

[Event "41st World U20 ch"]
[Site "Panaji IND"]
[Date "2002.12.12"]
[Round "6.22"]
[White "Russell, Majwuana Kankanamge Athula"]
[Black "Perez Candelario, Manuel"]
[Result "0-1"]
[WhiteElo "2243"]
[BlackElo "2408"]
[EventDate "2002.12.09"]
[PlyCount "86"]

1.e4 c5 2.Nf3 e6 3.d4 cxd4 4.Nxd4 a6 5.Bd3 d6 6.O-O Nf6 7.c4 Qc7 8.Nc3 
Nbd7 9.Be3 Be7 10.Rc1 O-O 11.Kh1 Re8 12.f3 b6 13.Qe1 Bb7 14.Qf2 Rac8 15.b3
Qb8 16.Rfd1 Bd8 17.Nde2 Bc7 18.Bb1 Ba8 19.a4 Ne5 20.Bd4 Nfd7 21.Ba2 Nc6 
22.Be3 Nb4 23.Bb1 Nc5 24.Na2 Nc6 25.Bc2 Nd7 26.Qh4 g6 27.Qh6 Bd8 28.f4 f5 
29.e5 Qb7 30.Qh3 dxe5 31.Rd2 Nf8 32.Rcd1 Bf6 33.c5 bxc5 34.Bxc5 Ne7 35.b4 
Nd5 36.Bb3 Rxc5 37.bxc5 Ne3 38.Rb1 Qxg2+ 39.Qxg2 Nxg2 40.Kg1 exf4 41.Nb4 
f3 42.Nd4 Nf4 43.c6 Bxd4+ 0-1

[Event "41st World U20 ch"]
[Site "Panaji IND"]
[Date "2002.12.12"]
[Round "6.23"]
[White "Gozzoli, Yannick"]
[Black "Phoobalan, P."]
[Result "1-0"]
[WhiteElo "2377"]
[BlackElo "2227"]
[EventDate "2002.12.09"]
[PlyCount "57"]

1.d4 Nf6 2.c4 e6 3.Nf3 b6 4.a3 Bb7 5.Nc3 d5 6.Qc2 Be7 7.Bg5 O-O 8.Bxf6 
Bxf6 9.cxd5 exd5 10.g3 Qe7 11.Bg2 Rd8 12.O-O g6 13.Rfe1 c5 14.Rad1 Na6 15.
e4 dxe4 16.Nxe4 cxd4 17.b4 Rac8 18.Qd3 Bg7 19.Bh3 Rb8 20.Neg5 Qf6 21.Re6 
fxe6 22.Bxe6+ Kh8 23.Nf7+ Kg8 24.Nxd8+ Kf8 25.Nxb7 Rxb7 26.Nxd4 Nc7 27.Bb3
Rb8 28.Ne6+ Nxe6 29.Qd6+ 1-0

[Event "41st World U20 ch"]
[Site "Panaji IND"]
[Date "2002.12.12"]
[Round "6.24"]
[White "Kjartansson, David"]
[Black "Carlsson, Pontus"]
[Result "1/2-1/2"]
[WhiteElo "2224"]
[BlackElo "2376"]
[EventDate "2002.12.09"]
[PlyCount "38"]

1.g3 e5 2.Bg2 d5 3.d3 c6 4.Nf3 Bd6 5.e4 dxe4 6.dxe4 Nf6 7.Qe2 O-O 8.O-O 
Nbd7 9.Rd1 Qc7 10.Nh4 g6 11.Bg5 Re8 12.Nd2 Bf8 13.Qf3 Bg7 14.Nc4 h6 15.Be3
Nb6 16.Qe2 Be6 17.Nxb6 axb6 18.a3 Red8 19.h3 b5 1/2-1/2

[Event "41st World U20 ch"]
[Site "Panaji IND"]
[Date "2002.12.12"]
[Round "6.25"]
[White "Roy Chowdhury, Saptarshi"]
[Black "Thakur, Akash"]
[Result "1-0"]
[WhiteElo "2376"]
[BlackElo "2257"]
[EventDate "2002.12.09"]
[PlyCount "165"]

1.e4 e5 2.Nf3 Nc6 3.Bc4 Bc5 4.c3 Nf6 5.d3 O-O 6.O-O d6 7.h3 h6 8.Bb3 Bb6 
9.Re1 Re8 10.Nbd2 Na5 11.Bc2 c5 12.Nf1 Nc6 13.Ba4 Bd7 14.Bxc6 bxc6 15.Ng3 
Bc7 16.Be3 Qe7 17.Nh4 d5 18.Nhf5 Qf8 19.Qf3 Re6 20.c4 d4 21.Bd2 Rb8 22.
Rab1 Kh7 23.Qd1 Ng8 24.Ne2 g6 25.Nfg3 f5 26.f3 f4 27.Nf1 g5 28.Qa4 Rb7 29.
b4 Qb8 30.Rb3 cxb4 31.Bxb4 Nf6 32.Qa3 h5 33.Reb1 Qg8 34.Kf2 g4 35.Nd2 gxh3
36.gxh3 Ne8 37.Rg1 Rg6 38.Rbb1 c5 39.Rxg6 Qxg6 40.Ba5 Rxb1 41.Nxb1 Bxa5 
42.Qxa5 Qb6 43.Qe1 h4 44.Kg2 Qg6+ 45.Kh2 Ng7 46.Qxh4+ Qh6 47.Qxh6+ Kxh6 
48.Nc1 Kg5 49.Nb3 Ne6 50.Na3 Kh4 51.Nb5 Ng5 52.Kg2 a6 53.Nc7 Bxh3+ 54.Kf2 
Bc8 55.Nd2 Kh3 56.Nf1 Kh4 57.Nd5 Nh3+ 58.Kg2 Ng5 59.Nd2 Bh3+ 60.Kf2 Bd7 
61.Nb6 Be8 62.Kg2 a5 63.Nb3 Bh5 64.Nd2 Be8 65.a4 Ne6 66.Nb3 Ng5 67.Nxc5 
Bh5 68.Ncd7 Nxf3 69.Kf2 Ng5 70.Nxe5 Nh3+ 71.Kg2 Ng5 72.Nd5 f3+ 73.Kf2 Nh3+
74.Kf1 Kg3 75.Nf6 Nf4 76.c5 f2 77.Nxh5+ Nxh5 78.c6 Nf4 79.c7 Ng2 80.Ng4 
Ne3+ 81.Nxe3 dxe3 82.c8=Q Kf3 83.Qh3+ 1-0

[Event "41st World U20 ch"]
[Site "Panaji IND"]
[Date "2002.12.12"]
[Round "6.26"]
[White "Prathamesh, Sunil Mokal"]
[Black "Ravichandran, Siddharth"]
[Result "1-0"]
[WhiteElo "2335"]
[BlackElo "2223"]
[EventDate "2002.12.09"]
[PlyCount "157"]

1.e4 c5 2.Nf3 d6 3.d4 cxd4 4.Nxd4 Nf6 5.Nc3 a6 6.Be2 e6 7.O-O Be7 8.f4 Qc7
9.Kh1 Nc6 10.a4 O-O 11.Nb3 b6 12.Be3 Bb7 13.Bf3 Rac8 14.g4 Nd7 15.g5 Rfe8 
16.Bg2 Bf8 17.Rf3 g6 18.Qd2 Nb4 19.Rh3 Bg7 20.Qf2 Ba8 21.Rf1 f5 22.gxf6 
Nxf6 23.Bxb6 Qe7 24.Qe2 Rb8 25.Bg1 Rbc8 26.Nc1 Nh5 27.Nd3 a5 28.Be3 Bc6 
29.Bf3 Nf6 30.Bb6 Ra8 31.Bd4 Rab8 32.Qg2 Nxd3 33.cxd3 Rb4 34.Be3 Nd7 35.f5
Ne5 36.fxg6 Nxg6 37.Bh5 Rf8 38.Rxf8+ Qxf8 39.Rf3 Qe8 40.Rg3 Qf7 41.Bxg6 
hxg6 42.Rxg6 Kh7 43.Rg3 Rb7 44.Rf3 Qe8 45.Rh3+ Kg8 46.Bh6 Qf8 47.Rg3 e5 
48.Nb5 Qf6 49.Bxg7 Rxg7 50.Rxg7+ Qxg7 51.Nxd6 Bxa4 52.Nc4 Kh7 53.Qh3+ Kg8 
54.Qg2 Kh7 55.Qxg7+ Kxg7 56.Nxe5 Kf6 57.Nf3 Bc2 58.Ne1 Bd1 59.Kg2 Ke5 60.
Kg3 Kd4 61.Kf4 a4 62.e5 Kc5 63.e6 Kd6 64.Kf5 Bb3 65.h4 Bxe6+ 66.Kg6 Ke5 
67.h5 Bf5+ 68.Kg7 Kd4 69.h6 Kc5 70.Nf3 Kb4 71.Nh4 Bxd3 72.Ng6 Kb3 73.h7 
Kxb2 74.h8=Q a3 75.Qb8+ Kc1 76.Qa7 Kb2 77.Qd4+ Kc2 78.Qa1 Kb3 79.Nf4 1-0

[Event "41st World U20 ch"]
[Site "Panaji IND"]
[Date "2002.12.12"]
[Round "6.27"]
[White "Annaberdiev, Meilis"]
[Black "Sangma, Rahul"]
[Result "1-0"]
[WhiteElo "2305"]
[BlackElo "2214"]
[EventDate "2002.12.09"]
[PlyCount "101"]

1.d4 Nf6 2.Nf3 e6 3.Bf4 b6 4.e3 Bb7 5.Be2 Be7 6.O-O O-O 7.h3 d5 8.Nbd2 c5 
9.c3 Nh5 10.Bh2 f5 11.Bd3 c4 12.Bc2 g6 13.Ne5 Nd7 14.Ndf3 Ndf6 15.Nd2 Bd6 
16.f3 Nd7 17.Nxd7 Bxh2+ 18.Kxh2 Qxd7 19.f4 Nf6 20.Nf3 Qg7 21.Qe1 Qh6 22.
Ng5 Rfe8 23.Kg1 Ne4 24.Nf3 Nd6 25.Rf2 a5 26.g4 Qxh3 27.g5 Qg3+ 28.Kf1 Ne4 
29.Bxe4 fxe4 30.Ne5 Re7 31.Ke2 Qh3 32.Qg1 Qf5 33.Rh2 Kg7 34.Rh6 Rf8 35.Qh2
Kg8 36.Rh1 Rff7 37.Rxg6+ Kf8 38.Qh6+ Ke8 39.Rf6 Rxf6 40.gxf6 Rf7 41.Nxf7 
Qg4+ 42.Kd2 Qg2+ 43.Kc1 Qf3 44.Nd6+ Kd7 45.Qxh7+ Kxd6 46.Qe7+ Kc6 47.Qxe6+
Kc7 48.Qh3 Qxh3 49.Rxh3 Kd6 50.f7 Ke7 51.Rh8 1-0

[Event "41st World U20 ch"]
[Site "Panaji IND"]
[Date "2002.12.12"]
[Round "6.28"]
[White "Das, Arghyadip"]
[Black "Lim Yee Weng"]
[Result "0-1"]
[WhiteElo "2324"]
[BlackElo "2202"]
[EventDate "2002.12.09"]
[PlyCount "90"]

1.e4 d5 2.exd5 Nf6 3.Bb5+ Bd7 4.Be2 Nxd5 5.d4 Bf5 6.Nf3 e6 7.O-O Be7 8.a3 
O-O 9.c4 Nb6 10.Be3 Nc6 11.Nc3 Bf6 12.h3 Qe7 13.g4 Bg6 14.g5 Nxd4 15.Nxd4 
Bxg5 16.Qc1 Bf6 17.Nb3 Nd7 18.Rd1 a5 19.Nd2 Bf5 20.Bf1 g6 21.Nde4 Bxc3 22.
Nxc3 Ne5 23.Bg2 Nxc4 24.Bh6 Rfd8 25.Rxd8+ Rxd8 26.Ne4 Bxe4 27.Bxe4 Nd6 28.
Bg2 f6 29.Bd2 b6 30.Qc2 Nf5 31.Re1 Kg7 32.Bc3 Qd6 33.Qe4 e5 34.Qc4 c5 35.
f4 exf4 36.Re6 Qd1+ 37.Kh2 Nd4 38.Re7+ Kh6 39.Bxd4 Qxd4 40.Qe2 Qd6 41.Kg1 
Qd1+ 42.Kf2 Rd2 43.Bf3 Rxe2+ 44.Rxe2 Qd4+ 45.Kg2 b5 0-1

[Event "41st World U20 ch"]
[Site "Panaji IND"]
[Date "2002.12.12"]
[Round "6.29"]
[White "Nikhilesh, Kumar"]
[Black "Kamble, Vikramaditya"]
[Result "1/2-1/2"]
[WhiteElo "2182"]
[BlackElo "2317"]
[EventDate "2002.12.09"]
[PlyCount "121"]

1.e4 e5 2.Nf3 Nc6 3.Bb5 a6 4.Ba4 Nf6 5.O-O Be7 6.Re1 b5 7.Bb3 d6 8.c3 O-O 
9.h3 Re8 10.d4 Bb7 11.a4 h6 12.Nbd2 Bf8 13.Bc2 exd4 14.cxd4 Nb4 15.Bb1 Qd7
16.Ra3 bxa4 17.d5 c5 18.Nh2 Rac8 19.Nc4 Qb5 20.Rc3 Rcd8 21.Na3 Qd7 22.Ng4 
Qe7 23.Bd2 Bc8 24.Nxf6+ Qxf6 25.Rg3 Qh4 26.Bc3 g6 27.Nc4 Bg7 28.Nd2 Rd7 
29.Nf3 Qd8 30.h4 Be5 31.Nxe5 dxe5 32.Bc2 Rb7 33.Bxa4 Bd7 34.Bxd7 Qxd7 35.
b3 Kh7 36.Qd2 f5 37.exf5 gxf5 38.Rxe5 Rxe5 39.Bxe5 Qxd5 40.Qf4 Qe4 41.Qxe4
fxe4 42.Rc3 Nd3 43.Bd6 Rb6 44.Bxc5 Rc6 45.b4 a5 46.Ra3 axb4 47.Ra7+ Kg6 
48.Bd4 h5 49.Rg7+ Kh6 50.Rb7 Rd6 51.Be3+ Kg6 52.f3 Re6 53.fxe4 Rxe4 54.Bg5
Kf5 55.Rd7 Ne5 56.Rb7 Kg4 57.Kh2 Kf5 58.Kg3 Ke6 59.Bd2 Rg4+ 60.Kf2 Rxh4 
61.Rxb4 1/2-1/2

[Event "41st World U20 ch"]
[Site "Panaji IND"]
[Date "2002.12.12"]
[Round "6.30"]
[White "Leong Chee Ming, Luke"]
[Black "Borchgrevink, Harald"]
[Result "1-0"]
[WhiteElo "2297"]
[BlackElo "2174"]
[EventDate "2002.12.09"]
[PlyCount "119"]

1.d4 Nf6 2.c4 e6 3.Nc3 Bb4 4.Qc2 O-O 5.a3 Bxc3+ 6.Qxc3 b6 7.Bg5 Bb7 8.f3 
d5 9.e3 Nbd7 10.cxd5 exd5 11.Bb5 c6 12.Ba4 Ne4 13.Bxd8 Nxc3 14.bxc3 Rfxd8 
15.Kd2 b5 16.Bb3 c5 17.a4 a6 18.Ne2 c4 19.Bc2 Bc6 20.Ra3 Nb6 21.axb5 axb5 
22.Rha1 Rxa3 23.Rxa3 Ra8 24.Rxa8+ Nxa8 25.Nc1 Nc7 26.Na2 g6 27.Nb4 Bb7 28.
e4 Kf8 29.Ke3 Ke7 30.g4 h6 31.f4 g5 32.Bd1 Ne6 33.fxg5 hxg5 34.exd5 Nf4 
35.Bf3 Kd6 36.h4 Ng6 37.h5 Ne7 38.h6 Ng6 39.Be4 Nh8 40.Bf5 Ke7 41.Nc6+ Kd6
42.Be4 Bc8 43.Kf3 Bb7 44.Na7 Ba6 45.Ke3 f6 46.h7 Nf7 47.Bg6 Nh8 48.Be8 
Kxd5 49.Bc6+ Kd6 50.Bxb5 Bb7 51.Bxc4 Kc7 52.Nb5+ Kd7 53.Bd3 Ke7 54.c4 Kf8 
55.Nd6 Bc6 56.d5 Ba4 57.c5 Bd1 58.Bf5 Kg7 59.Nb7 Ba4 60.c6 1-0

[Event "41st World U20 ch"]
[Site "Panaji IND"]
[Date "2002.12.12"]
[Round "6.31"]
[White "Eriksson, Jonas"]
[Black "Gopal, Geetha Narayanan"]
[Result "0-1"]
[WhiteElo "2278"]
[BlackElo "2174"]
[EventDate "2002.12.09"]
[PlyCount "70"]

1.d4 Nf6 2.c4 c5 3.d5 b5 4.cxb5 a6 5.b6 e6 6.Nc3 Nxd5 7.Nxd5 exd5 8.Qxd5 
Nc6 9.Nf3 Rb8 10.Ne5 Qf6 11.Nxc6 dxc6 12.Qe4+ Be7 13.Qc2 Rxb6 14.e4 O-O 
15.Bd3 Be6 16.O-O Rfb8 17.Kh1 Qd4 18.f4 c4 19.Be2 Rxb2 20.Bxb2 Rxb2 21.Qd1
Qxe4 22.Bf3 Qxf4 23.Bxc6 Qe5 24.Re1 Qc5 25.Bf3 g6 26.Rb1 c3 27.Rxb2 cxb2 
28.Be4 Bxa2 29.Bb1 Bxb1 30.Qxb1 Bf6 31.Rf1 Qc3 32.Rf3 Qc1+ 33.Rf1 Qxb1 34.
Rxb1 a5 35.Rf1 a4 0-1

[Event "41st World U20 ch"]
[Site "Panaji IND"]
[Date "2002.12.12"]
[Round "6.32"]
[White "Dutta, Sayantan"]
[Black "Arjun Tiwari, Deepak"]
[Result "1/2-1/2"]
[WhiteElo "2275"]
[BlackElo "2154"]
[EventDate "2002.12.09"]
[PlyCount "144"]

1.e4 Nc6 2.d4 e5 3.d5 Nce7 4.c4 d6 5.Nc3 g6 6.g3 Bg7 7.Bg2 Nh6 8.Nge2 O-O 
9.O-O f5 10.Rb1 c6 11.b4 fxe4 12.Nxe4 cxd5 13.cxd5 Bg4 14.Qd3 Qd7 15.f3 
Bf5 16.N2c3 Nf7 17.Be3 Rfc8 18.Rfd1 a6 19.g4 Bxe4 20.Nxe4 b5 21.Qd2 Rc4 
22.Bf1 Rd4 23.Bxd4 exd4 24.Qf2 Nxd5 25.Rxd4 Bxd4 26.Qxd4 Qa7 27.Qxa7 Rxa7 
28.a3 Rc7 29.Rb2 Rc1 30.Kf2 Nc3 31.Nxc3 Rxc3 32.a4 Ne5 33.axb5 axb5 34.
Bxb5 Rxf3+ 35.Kg2 Rc3 36.Be2 Rc6 37.b5 Rb6 38.Ra2 d5 39.Ra6 Rb8 40.Kf2 d4 
41.Re6 Nxg4+ 42.Bxg4 Rxb5 43.Rd6 Rb2+ 44.Kg3 Rd2 45.Rd7 Kh8 46.Be6 Rd1 47.
Bc4 Rd2 48.h3 h6 49.Bb5 Rd1 50.Ba6 Rd2 51.Bc4 Rd1 52.Kf4 d3 53.Bxd3 Rh1 
54.Ke5 Rxh3 55.Kf6 Rf3+ 56.Kxg6 Rg3+ 57.Kf6 h5 58.Bg6 Rf3+ 59.Bf5 Rg3 60.
Rh7+ Kg8 61.Rxh5 Kf8 62.Rh8+ Rg8 63.Rh7 Rg1 64.Ra7 Re1 65.Rb7 Re2 66.Rb1 
Re3 67.Rb4 Re1 68.Rb7 Re2 69.Rf7+ Kg8 70.Bh7+ Kh8 71.Ra7 Re6+ 72.Kg5 Re7 
1/2-1/2

[Event "41st World U20 ch"]
[Site "Panaji IND"]
[Date "2002.12.12"]
[Round "6.33"]
[White "Singh, Rishipal"]
[Black "Pratik Shriwas, R."]
[Result "1/2-1/2"]
[WhiteElo "2252"]
[BlackElo "2148"]
[EventDate "2002.12.09"]
[PlyCount "63"]

1.c4 b6 2.Nc3 Bb7 3.e4 c5 4.f4 e6 5.Nf3 d6 6.g3 Nf6 7.d3 Be7 8.Bg2 O-O 9.
O-O a6 10.h3 Nc6 11.g4 Nd7 12.Be3 Rb8 13.Qd2 Ba8 14.a4 e5 15.f5 Nd4 16.g5 
Nb3 17.Qf2 Nxa1 18.Rxa1 f6 19.h4 g6 20.Bh3 Kh8 21.Kh2 fxg5 22.Nxg5 Bxg5 
23.hxg5 Rf7 24.Qh4 Qg8 25.Bg4 Rbf8 26.Rf1 Bc6 27.Kg3 Nb8 28.Nd5 Bxd5 29.
cxd5 Nd7 30.f6 h5 31.Rh1 Rb8 32.Be6 1/2-1/2

[Event "41st World U20 ch"]
[Site "Panaji IND"]
[Date "2002.12.12"]
[Round "6.34"]
[White "Akshayraj, Kore"]
[Black "Macak, Stefan"]
[Result "1/2-1/2"]
[WhiteElo "2167"]
[BlackElo "2246"]
[EventDate "2002.12.09"]
[PlyCount "111"]

1.e4 e6 2.d4 d5 3.e5 c5 4.c3 Qb6 5.Nf3 Bd7 6.Be2 cxd4 7.cxd4 Nc6 8.O-O 
Nge7 9.Na3 Nf5 10.Nc2 Be7 11.g4 Nh4 12.Nxh4 Bxh4 13.b4 f6 14.b5 Na5 15.
exf6 Bxf6 16.Ba3 Bxb5 17.Bc5 Qc6 18.Bxb5 Qxb5 19.Qe1 Kf7 20.a4 Qd3 21.Qxa5
b6 22.Qb5 Qxb5 23.axb5 bxc5 24.Ra4 Bxd4 25.Nxd4 cxd4 26.Rxd4 Rhb8 27.Rb4 
Rb6 28.Rc1 Rb7 29.Kg2 Rab8 30.Ra4 Rd8 31.f4 Rd6 32.Rca1 Rdb6 33.Rxa7 Rxb5 
34.Rxb7+ Rxb7 35.Ra6 Rb2+ 36.Kg3 h5 37.h3 Rb3+ 38.Kh4 hxg4 39.hxg4 Kf6 40.
f5 Re3 41.fxe6 Rxe6 42.Ra1 Re3 43.Rf1+ Ke6 44.Kg5 d4 45.Kg6 Rg3 46.g5 d3 
47.Rd1 Ke5 48.Kh7 Rxg5 49.Rxd3 Rg1 50.Rf3 g5 51.Kg6 g4 52.Rf5+ Ke4 53.Kg5 
g3 54.Kg4 g2 55.Rf2 Ke3 56.Ra2 1/2-1/2